| 000 -LEADER | |
|---|---|
| fixed length control field | 00417nam a22001697a 4500 |
| 005 - DATE AND TIME OF LATEST TRANSACTION | |
| control field | 20180703171914.0 |
| 008 - FIXED-LENGTH DATA ELEMENTS--GENERAL INFORMATION | |
| fixed length control field | 160511b xxu||||| |||| 00| 0 eng d |
| 020 ## - INTERNATIONAL STANDARD BOOK NUMBER | |
| ISBN | 978-0-07065614-7 |
| 041 ## - LANGUAGE CODE | |
| Language code of text/sound track or separate title | eng |
| 082 ## - DEWEY DECIMAL CLASSIFICATION NUMBER | |
| Item number | 1338 |
| Classification number | 658.15 |
| 100 ## - MAIN ENTRY--AUTHOR NAME | |
| Personal name | Khan, MY, |
| 245 ## - TITLE STATEMENT | |
| Title | Financial Management (Text Problems & cases) |
| 260 ## - PUBLICATION, DISTRIBUTION, ETC. (IMPRINT) | |
| Place of publication | New Delhi |
| Name of publisher | TMH |
| 300 ## - PHYSICAL DESCRIPTION | |
| Number of Pages | 37.25p, |
| 650 ## - SUBJECT ADDED ENTRY--TOPICAL TERM | |
| Topical Term | Management |
| 942 ## - ADDED ENTRY ELEMENTS (KOHA) | |
| Koha item type | Books |
| Lost status | Damaged status | Collection code | Home library | Current library | Shelving location | Date acquired | Full call number | Accession Number | Koha item type | Source of acquisition |
|---|---|---|---|---|---|---|---|---|---|---|
| MANAGEMENT | JRU Library | JRU Library | 11/05/2016 | 658.15 | 1338 | Books | ||||
| MANAGEMENT | JRU Library | JRU Library | SHELF-58 -J | 11/05/2016 | 658.15 | 1339 | Books | PURCHASE | ||
| MANAGEMENT | JRU Library | JRU Library | SHELF-58 -J | 11/05/2016 | 658.15 | 1340 | Books | PURCHASE | ||
| MANAGEMENT | JRU Library | JRU Library | SHELF-58 -J | 11/05/2016 | 658.15 | 1341 | Books | PURCHASE | ||
| MANAGEMENT | JRU Library | JRU Library | SHELF-58 -J | 11/05/2016 | 658.15 | 1342 | Books | PURCHASE | ||
| MANAGEMENT | JRU Library | JRU Library | SHELF-58 -J | 11/05/2016 | 658.15 | 1343 | Books | PURCHASE | ||
| MANAGEMENT | JRU Library | JRU Library | SHELF-58 -J | 11/05/2016 | 658.15 | 1344 | Books | PURCHASE | ||
| MANAGEMENT | JRU Library | JRU Library | SHELF-58 -J | 11/05/2016 | 658.15 | 1345 | Books | PURCHASE | ||
| MANAGEMENT | JRU Library | JRU Library | SHELF-58 -J | 11/05/2016 | 658.15 | 1346 | Books | PURCHASE | ||
| MANAGEMENT | JRU Library | JRU Library | SHELF-58 -J | 11/05/2016 | 658.15 | 1347 | Books | PURCHASE | ||
| MANAGEMENT | JRU Library | JRU Library | SHELF-58 -J | 11/05/2016 | 658.15 | 1348 | Books | PURCHASE | ||
| MANAGEMENT | JRU Library | JRU Library | SHELF-58 -J | 11/05/2016 | 658.15 | 1349 | Books | PURCHASE | ||
| MANAGEMENT | JRU Library | JRU Library | SHELF-58 -J | 11/05/2016 | 658.15 | 1350 | Books | PURCHASE | ||
| MANAGEMENT | JRU Library | JRU Library | SHELF-40-C | 11/05/2016 | 658.15 | 1351 | Books | |||
| MANAGEMENT | JRU Library | JRU Library | SHELF-58 -J | 11/05/2016 | 658.15 | 1352 | Books | PURCHASE | ||
| JRU Library | SHELF-18-B | 11/05/2016 | 658.15 | 1353 | Books | |||||
| Reference | JRU Library | SHELF-28-G | 11/05/2016 | 658.15 | 1354 | Books | ||||
| MANAGEMENT | JRU Library | JRU Library | 11/05/2016 | 658.15 | 1355 | Books | ||||
| MANAGEMENT | JRU Library | JRU Library | SHELF-40-C | 11/05/2016 | 658.15 | 1356 | Books | |||
| MANAGEMENT | JRU Library | JRU Library | SHELF-58 -J | 11/05/2016 | 658.15 | 1357 | Books | PURCHASE |